Statistics for Disney Song - Film Matcher

Click here to take the quiz!

General Stats

  • This quiz has been taken 211 times
  • The average score is 16 of 24

Answer Stats

SongFilm / Title% Correct
A Whole New WorldAladdin
99%
SupercalifragilisticexpialidociousMary Poppins
90%
You've Got A Friend In MeToy Story
88%
When I See An Elephant FlyDumbo
87%
When Will My Life BeginTangled
87%
Go The DistanceHercules
84%
Whistle While You WorkSnow White
84%
Fixer UpperFrozen
78%
Once Upon a DreamSleeping Beauty
76%
Part Of Your WorldThe Little Mermaid
75%
Friends On The Other SideThe Princess And The Frog
73%
You'll Be In My HeartTarzan
67%
A Very Merry UnbirthdayAlice In Wonderland
63%
EvermoreBeauty And The Beast
63%
Out ThereThe Hunchback Of Notre Dame
63%
Give A Little WhistlePinocchio
61%
Cruella De Vil101 Dalmations
55%
We Know The WayMoana
54%
The Virginia CompanyPocahontas
54%
Best Of FriendsThe Fox And The Hound
44%
I'm Still StandingSing
43%
Higitus FigitusThe Sword In The Stone
37%
Giants In The SkyIn To The Woods
23%
Le FestinRatatouille
21%

Score Distribution

Percentile by Number Answered

Percent of People with Each Score

Your Score History

You have not taken this quiz